Datenbanksysteme in Büro, Technik und Wissenschaft

Gespeichert in:
Bibliographische Detailangaben
Weitere Verfasser: Härder, Theo
Format: Buch
Sprache:Deutsch
Veröffentlicht: Berlin Springer 1989
Ausgabe:1. Aufl.
Tags: Tag hinzufügen
Keine Tags, Fügen Sie das erste Tag hinzu!

MARC

LEADER 00000nam a2200000 4500
001 c028482
005 20221215124243.7
041 0 |a ger 
044 |a DE 
245 1 0 |a Datenbanksysteme in Büro, Technik und Wissenschaft  |c Red. Theo Härder 
250 |a 1. Aufl. 
264 1 |a Berlin  |b Springer  |c 1989 
300 |a 427 s. 
700 1 |a Härder, Theo